000 00722nam a22002177a 4500
999 _c2941
_d2941
003 AR-CdUCM
008 190305b ||||| |||| 00| 0 spa d
040 _aMUNICIPALIDAD PROVINCIAL DEL CUSCO
_cBIBLIOTECA MUNICIPAL DEL CUSCO
082 _a838.77 /
_bH468
100 _aHeine, Enrique
_910085
245 _aLos dioses en el destierro /
260 _aBuenos Aires :
_bEditorial Anaconda,
_c1937.
300 _a189 Páginas ;
_c18 cm.
505 _aContenido: Los dioses en el desierto -- Tradiciones populares -- La leyenda de Fausto.
650 _aCuentos alemanes
_910086
650 _aSiglo XIX
_9971
650 _aTradiciones alemanas
_910087
650 _aEl fausto
_910088
942 _2ddc
_cLIBROS
945 _adavv